| 000 | 00435nam a2200157Ia 4500 | ||
|---|---|---|---|
| 008 | 210719s2000 xx 000 0 und d | ||
| 041 | _aeng | ||
| 082 | _a796.8153 INDI | ||
| 100 | _aINDIAN ACADEMY OF MARTIAL ARTS (R) | ||
| 245 | _aIndian academy of martial arts (R). | ||
| 260 |
_aMangalore _bIndian academy of martial arts (R). _c2000 |
||
| 300 | _bPB | ||
| 365 | _cRs | ||
| 650 | _aAthletic & Outdoor Sports | ||
| 906 | _aKarate | ||
| 999 |
_c213821 _d213821 |
||